Harry Potter personnages-acteurs - Statistiques

Statistiques générales
  • Ce quiz a été pris 159 fois
    81 depuis la dernière actualisation
  • Le résultat moyen est 15 sur 25
Statistiques - réponses
Personnages Acteurs % Correct
Hermione Granger Emma Watson
99%
Harry Potter Daniel Radcliffe
94%
Ron Weasley Rupert grint
93%
Drago Malefoy Tom felton
85%
Severus Rogue Alan rickman
84%
Cédric Diggory Robert Pattinson
78%
Minerva McGonagall Maggie Smith
75%
Rubeus hagrid Robbie Coltrane
75%
Lord Voldemort Ralph Fiennes
74%
Ginny Weasley Bonnie wright
71%
Bellatrix Lestrange Helena Bonham Carter
71%
Sirius Black Gary Oldman
69%
Albus Dumbledore (3-7) Michael Gambon
68%
Albus Dumbledore (1-2) Richard Harris
68%
Luna lovegood Evanna Lynch
63%
Neville Londubat Matthew Lewis
62%
Sibylle Trelawney Emma Thompson
59%
Fred weasley James Phelps
51%
Georges Weasley Oliver Phelps
51%
Lucius Malefoy Jason Isaacs
44%
Remus Lupin David Thewlis
34%
Narcissa Malefoy Helen McCrory
34%
Lord Voldemort enfant Hero-Fiennes Tiffin
18%
Lord Voldemort ado (2) Christian Coulson
12%
Lord Voldemort ado (6) Frank dillane
10%
Aucun quiz correspondant
Distribution des résultats
% des personnes avec chaque résultat
Percentile par nombre de réponses
Votre historique - résultats
Vous n’avez pas pris ce quiz depuis la dernière actualisation